Introduction to positive economics (Record no. 5640)

000 -LEADER
fixed length control field 00453nam a22001817a 4500
001 - CONTROL NUMBER
control field 5640
003 - CONTROL NUMBER IDENTIFIER
control field BD-DhUET
008 - FIXED-LENGTH DATA ELEMENTS--GENERAL INFORMATION
fixed length control field 141127b xxu||||| |||| 00| 0 eng d
040 ## - CATALOGING SOURCE
Transcribing agency 0
Modifying agency BD-DhUET
082 ## - DEWEY DECIMAL CLASSIFICATION NUMBER
Classification number 330
Item number LIP/1971
100 ## - MAIN ENTRY--PERSONAL NAME
Personal name Lipsey, Richard G.
245 ## - TITLE STATEMENT
Title Introduction to positive economics
250 ## - EDITION STATEMENT
Edition statement 3rd ed.
260 ## - PUBLICATION, DISTRIBUTION, ETC. (IMPRINT)
Name of publisher, distributor, etc. English Language Book
Place of publication, distribution, etc. Hampshire
Date of publication, distribution, etc. 1971
300 ## - PHYSICAL DESCRIPTION
Extent xx, 740 p.
Other physical details ill.
Dimensions 26 cm.
650 #0 - SUBJECT ADDED ENTRY--TOPICAL TERM
Topical term or geographic name as entry element Economics
942 ## - ADDED ENTRY ELEMENTS (KOHA)
Koha item type General Book
Holdings
Koha item type Location (home branch) Koha normalized classification for sorting Source of classification or shelving scheme Shelving location Piece designation (barcode) Withdrawn status Koha full call number Koha date last seen Damaged status Copy number Sublocation or collection (holding branch) Price effective from Not for loan Koha collection Date acquired Lost status
General BookCentral Library, BUET330LIP1971 Circulation section23693 330/LIP/19712014-11-27 1Central Library, BUET2014-11-27  2014-11-27 
General BookCentral Library, BUET330LIP1971 Circulation section23702 330/LIP/19712014-11-27 2Central Library, BUET2014-11-27  2014-11-27 
General BookCentral Library, BUET330_000000000000000_LIP_1971 Circulation section23689 330/LIP/19712015-01-27 3Central Library, BUET2015-01-27  2015-01-27 
General BookCentral Library, BUET330_000000000000000_LIP_1971 Circulation section23684 330/LIP/19712015-01-27 4Central Library, BUET2015-01-27  2015-01-27 
General BookCentral Library, BUET330_000000000000000_LIP_1971 Circulation section23710 330/LIP/19712015-01-27 5Central Library, BUET2015-01-27  2015-01-27 
General BookCentral Library, BUET330_000000000000000_LIP_1971 Circulation section23713 330/LIP/19712015-01-27 6Central Library, BUET2015-01-27  2015-01-27 
General BookCentral Library, BUET330_000000000000000_LIP_1971 Cataloging section23690 330/LIP/19712015-01-27 7Central Library, BUET2015-01-27  2015-01-27 
General BookCentral Library, BUET330_000000000000000_LIP_1971 Circulation section23698 330/LIP/19712015-01-27 8Central Library, BUET2015-01-27  2015-01-27 
General BookCentral Library, BUET330_000000000000000_LIP_1971 Circulation section23685 330/LIP/19712015-01-27 9Central Library, BUET2015-01-27  2015-01-27 
General BookCentral Library, BUET330_000000000000000_LIP_1971 Circulation section23712 330/LIP/19712015-01-27 10Central Library, BUET2015-01-27  2015-01-27 
General BookCentral Library, BUET330_000000000000000_LIP_1971 Circulation section23677 330/LIP/19712015-01-28 4Central Library, BUET2015-01-28 Non Fiction2015-01-28 
General BookCentral Library, BUET330_000000000000000_LIP_1971 Circulation section23706 330/LIP/19712015-01-28 30Central Library, BUET2015-01-28 Non Fiction2015-01-28 
General BookCentral Library, BUET330_000000000000000_LIP_1971 Circulation section23705 330/LIP/19712015-01-28 29Central Library, BUET2015-01-28 Non Fiction2015-01-28 
General BookCentral Library, BUET330_000000000000000_LIP_1971 Circulation section23680 330/LIP/19712015-01-28 16Central Library, BUET2015-01-28 Non Fiction2015-01-28 
General BookCentral Library, BUET330_000000000000000_LIP_1971 Circulation section23691 330/LIP/19712015-04-20 15Central Library, BUET2015-04-20  2015-04-20